Šesť typov pracovného génia ako lepšie rozumieť vlastným talentom, frustráciám a celému svojmu tímu

Saved in:
Bibliographic Details
Main Author: Lencioni, Patrick
Format: Book
Language:Slovak
Published: Bratislava Porta libri 2023
Edition:1. vydanie
Subjects:
Tags: Add Tag
No Tags, Be the first to tag this record!

MARC

LEADER 00000nam a2200000 4500
001 0305622
005 20250220102910.3
020 |a 978-80-8156-314-0 
041 0 |a slo 
044 |a SK 
245 1 0 |a Šesť typov pracovného génia  |b ako lepšie rozumieť vlastným talentom, frustráciám a celému svojmu tímu  |c Patrick Lencioni 
250 |a 1. vydanie 
264 1 |a Bratislava  |b Porta libri  |c 2023 
300 |a 174 s. 
610 2 0 |a manažéri 
610 2 0 |a lídri 
610 2 0 |a riadenie 
610 2 0 |a vedenie ľudí 
610 2 0 |a práca tímová 
100 1 |a Lencioni, Patrick